00525nam a2200169Ia 4500008004100000100001800041245005000059245001800109260005900127260000900186300000900195650001800204650001500222856002600237999001900263952007300282170221s9999 xx 000 0 und d aDeni Darmawan aBiology of ICT-Based Communication Paradigm  cDeni Darmawan bOnline Journal of Communication and Media Technologies c2016 a10 : xCommunication xMedia Arts uhttp://www.ojcmt.net/ c313004d313004 001040aCLbCLd2017-02-21l0r2017-02-21 00:00:00w2017-02-21yFOJ